Kľúčovej plodiny bude menej, ako sa čakalo

Celkové tržby poľnohospodárov z produkcie hustosiatych obilnín a repky klesnú o 175 milión eur oproti vlaňajšku. Je z tým nižšia výmera, nižšie výnosy a nižšie ceny plodín. Príčinou nižších výnosov sú extrémne počasie a škodcovia.

Enregistré dans:
Détails bibliographiques
Auteur principal: Hubinská, Veronika
Format: Chapitre de livre
Langue:slovaque
Sujets:
Tags: Ajouter un tag
Pas de tags, Soyez le premier à ajouter un tag!

MARC

LEADER 00000naa a2200000 4500
001 0304143
005 20240909142533.7
041 0 |a slo 
044 |a SK 
245 1 0 |a Kľúčovej plodiny bude menej, ako sa čakalo  |c Veronika Hubinská 
520 |a Celkové tržby poľnohospodárov z produkcie hustosiatych obilnín a repky klesnú o 175 milión eur oproti vlaňajšku. Je z tým nižšia výmera, nižšie výnosy a nižšie ceny plodín. Príčinou nižších výnosov sú extrémne počasie a škodcovia. 
610 2 0 |a poľnohospodárstvo 
610 2 0 |a plodiny poľné 
610 2 0 |a rastliny priemyselné 
610 2 0 |a úroda 
610 2 0 |a pohromy živelné 
100 1 |a Hubinská, Veronika